000 00470nam a2200181Ia 4500
003 GCL
008 140319s9999 xx 000 0 eng d
040 _aGCL /
_cGCL
082 0 4 _a843
_bT P
100 1 _aTRIOLET, ELSA
245 1 0 _aLE PREMIER ACCROC COUTE DEUX CENTS FRANCES /
_cTRIOLET, ELSA
260 _a[S.N] :
_bDENOEL ،
_c1987
300 _a442\P
490 _aCOLLECTION FOLIO
_v0
650 0 4 _aLITERATURE
650 0 4 _aFRENCH LITERATURE
942 _2ddc
_cBK
999 _c22624
_d22624